Imidž značky z pohľadu vybraných segmentov spotrebiteľov diplomová práca

Na minha lista:
Detalhes bibliográficos
Autor principal: Babják, Patrik
Autor Corporativo: Obchodná fakulta EU. Katedra marketingu
Outros Autores: Vokounová, Dana, 1962-
Formato: Livro
Idioma:eslovaco
Publicado em: Bratislava 2024
Tags: Adicionar Tag
Sem tags, seja o primeiro a adicionar uma tag!

MARC

LEADER 00000nbm a2200000 4500
001 0302280
005 20241206150632.6
041 0 |a slo 
044 |a SK 
245 1 0 |a Imidž značky z pohľadu vybraných segmentov spotrebiteľov  |b diplomová práca  |c Patrik Babják ; školiteľ: Dana Vokounová 
264 1 |a Bratislava  |c 2024 
300 |a 64 s. 
100 1 |a Babják, Patrik 
700 1 |a Vokounová, Dana, 1962- 
710 2 |a Obchodná fakulta EU. Katedra marketingu